Statistics for 1-Syllable Rhyming Answers #3

Click here to take the quiz!

General Stats

  • This quiz has been taken 9,101 times
    (6,357 since last reset)
  • The average score is 13 of 21

Answer Stats

HintAnswer% Correct
Lengthy AnthemLong Song
95%
Deceased CraniumDead Head
92%
Boring SeabirdDull Gull
88%
Tidy ChairNeat Seat
81%
Felony HourCrime Time
78%
Identical MonikerSame Name
78%
Precipitation DiscomfortRain Pain
78%
Carp HopeFish Wish
78%
Mane MaintenanceHair Care
75%
Psychiatrist BeverageShrink Drink
70%
Novel CornerBook Nook
66%
Pimple TantrumZit Fit
63%
Tidy RoyalClean Queen
63%
Sapling HappinessTree Glee
55%
Aluminum RelativesTin Kin
53%
Sluggish DigitSlow Toe
48%
Trophy DimensionsPrize Size
42%
Harbor TribunalPort Court
30%
Single ComplaintLone Moan
25%
Dewy LightDamp Lamp
22%
Corruption BargeGraft Raft
5%

Score Distribution

Percentile by Number Answered

Percent of People with Each Score

Your Score History

You have not taken this quiz since the last reset